000 00830nam a2200265 a 4500
001 BRCA_7960
005 20190320210054.0
008 100314s1969----sp-a###f##---#000-0#esp-#
041 _aspa
044 _asp
050 4 _aNK2599
_b.F43
_c1969
100 1 _aFeduchi, Luis M.
_911958
245 1 0 _aEl mueble español
_cLuis M. Feduchi.
260 _aBarcelona
_bPoligrafa
_c1969
300 _a313 p.
_bil. (algunas a color), 269 láminas
_c28 cm.
440 0 _aBiblioteca del arte hispánico
_919728
500 _a3122
504 _aBibliografía p. 310-313
546 _aTexto en español, inglés, frances y alemán
650 1 4 _aMuebles españoles
_vHistoria
_919729
650 1 4 _aMuebles
_vDecoración de interiores
_zEspaña
_919730
650 1 4 _aObjetos de arte
_vHogar
_zEspaña
_919731
902 _aGFM
942 _2lcc
_cB
999 _c7629
_d7629